| 000 -LEADER |
| fixed length control field |
00654nam a2200229Ia 4500 |
| 001 - CONTROL NUMBER |
| control field |
1861 |
| 003 - CONTROL NUMBER IDENTIFIER |
| control field |
GE_BSU |
| 008 - FIXED-LENGTH DATA ELEMENTS--GENERAL INFORMATION |
| fixed length control field |
181216s||||||||xx |||||||||||||| ||und|| |
| 020 ## - INTERNATIONAL STANDARD BOOK NUMBER |
| International Standard Book Number |
9785369001400 |
| 040 ## - CATALOGING SOURCE |
| Transcribing agency |
GE_BSU |
| 080 ## - UNIVERSAL DECIMAL CLASSIFICATION NUMBER |
| Universal Decimal Classification number |
340.6(075.8)+616ю89(075.8) |
| 100 ## - MAIN ENTRY--PERSONAL NAME |
| Personal name |
Датйи,А.В. |
| 245 ## - TITLE STATEMENT |
| Title |
Судебная медицина и психиатрия. |
| 245 ## - TITLE STATEMENT |
| Remainder of title |
Учебник для студ высш. учеб. завед. |
| 260 ## - PUBLICATION, DISTRIBUTION, ETC. |
| Place of publication, distribution, etc. |
Москва |
| 260 ## - PUBLICATION, DISTRIBUTION, ETC. |
| Name of publisher, distributor, etc. |
Риор |
| 260 ## - PUBLICATION, DISTRIBUTION, ETC. |
| Date of publication, distribution, etc. |
2007 |
| 300 ## - PHYSICAL DESCRIPTION |
| Extent |
310 с. 21см. |
| 653 ## - INDEX TERM--UNCONTROLLED |
| Uncontrolled term |
Судебная медицина и психиатрия. |
| 942 ## - ADDED ENTRY ELEMENTS (KOHA) |
| Koha item type |
წიგნი |